Half-Life - All Items - Statistics

General Stats
  • This quiz has been taken 31 times
  • The average score is 46 of 93
Answer Stats
Game Type Item % Correct
Half-Life 1 Weapon .357 Magnum
100%
Half-Life 2 Weapon .357 Magnum
100%
Half-Life 1 Weapon 9mm Pistol
100%
Half-Life 1 Weapon SMG
100%
Half-Life 1 Weapon Crowbar
95%
Half-Life 2 Weapon Crowbar
95%
Half-Life 1 Weapon Grenade
95%
Half-Life 2 Weapon Grenade
95%
Half-Life: Alyx Ammunition Grenade
95%
Half-Life 1 Ammunition Rocket
95%
Half-Life 2 Ammunition Rocket
95%
Half-Life 1 Weapon Shotgun
95%
Half-Life: Alyx Wrist Item Xen Grenade
95%
Half-Life 1 Weapon Crossbow
91%
Half-Life 2 Weapon Crossbow
91%
Half-Life: Alyx Weapon Pistol
91%
Half-Life 2 Weapon Rocket Launcher
91%
Half-Life 2 Weapon Shotgun
91%
Half-Life: Alyx Weapon Shotgun
91%
Half-Life 1 Weapon Rocket Launcher
86%
Half-Life 2 Weapon SMG
86%
Half-Life: Alyx Weapon Pulse SMG
82%
Half-Life 1 Weapon Tripmine
77%
Half-Life 1 Equipment HEV Suit (MK4)
73%
Half-Life 2 Equipment HEV Suit (MK5)
73%
Half-Life 2 Weapon Pulse Rifle
73%
Half-Life 1 Weapon Snark
73%
Half-Life 1 Ammunition 9mm Ammunition
68%
Half-Life 2 Weapon Bugbait
68%
Half-Life 2 Weapon Gravity Gun
68%
Half-Life: Opposing Force (DEATHMATCH ONLY) Weapon Penguin
64%
Half-Life: Alyx Ammunition Shotgun Shells
64%
Half-Life 1 Ammunition .357 Ammunition
59%
Half-Life 1 Equipment Armor Battery
59%
Half-Life 1 Weapon Gluon Gun
59%
Half-Life 1 Ammunition Shotgun Shells
59%
Half-Life 2: Deathmatch Weapon S.L.A.M.
59%
Half-Life 2 Equipment Suit Battery
59%
Half-Life 1 Weapon Tau Cannon
59%
Half-Life 1 Equipment First Aid Kit
55%
Half-Life 2 Equipment Health Kit
55%
Half-Life 1 Weapon Satchel Charge
55%
Half-Life: Opposing Force Weapon Sniper Rifle
55%
Half-Life 2 Ammunition .357 Ammunition
50%
Half-Life 1 Ammunition Crossbow Arrows
50%
Half-Life 2 Weapon 9mm Pistol
45%
Half-Life: Alyx Wrist Item Antlion Grub Canister
45%
Half-Life: Blue Shift Equipment Body Armor
45%
Half-Life: Blue Shift Equipment Helmet
45%
Half-Life 1 Weapon Hivehand
45%
Half-Life 2 Deployable Hopper Mine
45%
Half-Life: Opposing Force Weapon Pipe Wrench
45%
Half-Life 2 Ammunition Shotgun Shells
45%
Half-Life: Opposing Force Weapon Combat Knife
41%
Half-Life 2 Ammunition Crossbow Bolt
36%
Half-Life: Opposing Force Weapon Desert Eagle
36%
Half-Life 2: Episode 2 Deployable Magnusson Device
36%
Half-Life 2 Ammunition 9mm Ammunition
32%
Half-Life 2 Deployable Ground Turret
32%
Half-Life: Opposing Force Weapon M249
32%
Half-Life: Opposing Force Weapon Barnacle
27%
Half-Life: Alyx Wrist Item Health Syringe
27%
Half-Life 1 Equipment Long Jump Module
27%
Half-Life: Alyx Ammunition Pistol Magazine
27%
Half-Life: Opposing Force Equipment Powered Combat Vest (PCV)
27%
Half-Life 1 Ammunition Ammunition Canister
23%
Half-Life: Opposing Force Weapon Displacer Cannon
23%
Half-Life 2: Episode 1 Deployable Flare
23%
Half-Life: Opposing Force Ammunition Spore
23%
Half-Life: Opposing Force Weapon Spore Launcher
23%
Half-Life 2: Deathmatch Weapon Stunstick
23%
Half-Life: Alyx Equipment Gravity Gloves
18%
Half-Life 2 Equipment Health Vial
18%
Half-Life 2 Ammunition Pulse Cell
18%
Half-Life: Opposing Force Weapon Shockroach
18%
Half-Life 2 Ammunition SMG Ammunition
18%
Half-Life 2 Ammunition SMG Grenade
18%
Half-Life 1 Ammunition SMG Grenades
18%
Half-Life: Decay Weapon Vortigaunt Hands
18%
Half-Life: Alyx Wrist Item Bottle
14%
Half-Life 1 Ammunition Depleted Uranium
14%
Half-Life: Alyx Wearable Hardhat
14%
Half-Life: Alyx Weapon Multitool
14%
Half-Life: Opposing Force Ammunition Sniper Ammunition
14%
Half-Life: Alyx Wearable Gas Filter
9%
Half-Life: Alyx Wrist Item Keycard
9%
Half-Life: Alyx Equipment Resin
9%
Half-Life: Alyx Wearable Traffic Cone
9%
Half-Life: Opposing Force Ammunition Heavy Ammunition
5%
Half-Life: Alyx Wrist Item Lightning Dog Heart
5%
Half-Life: Alyx Wrist Item Organic Matter Canister
5%
Half-Life: Alyx Wrist Item Power Cell
5%
Half-Life 2 Ammunition Pulse Energy Ball
5%
No matching quizzes found
Score Distribution
Percent of People with Each Score
Percentile by Number Answered
Your Score History
You have not taken this quiz